| 000 | 00599nam a2200229Ia 4500 | ||
|---|---|---|---|
| 003 | 0100 | ||
| 005 | 20160215113723.0 | ||
| 008 | 130303s9999 xx 000 0 und d | ||
| 020 | _a0195198239 | ||
| 040 | _cARRUPELIB | ||
| 050 | _aB3376.W564H24 1986 | ||
| 100 |
_aHacker, P. M. S _922284 |
||
| 245 | _aInsight and illusion | ||
| 245 | _bthemes in the philosophy of Wittgenstein | ||
| 260 | _aOxford | ||
| 260 | _bOxford University Press | ||
| 300 | _axx | ||
| 300 | _b 341p. 23cm. | ||
| 600 |
_aWittgenstein, Ludwig _919059 |
||
| 650 |
_aExperience _914106 |
||
| 942 |
_2lcc _cMONOGRAPH |
||
| 999 |
_c15522 _d15522 |
||